000 00848nam a2200229 a 4500
001 BRCA_4
005 20190320202834.0
008 930817s1992 mx-a---##b---#000-0#spa-#
020 _a9686084495
050 4 _aN6553
_b.A78
_c1992
100 1 _aSartor, Mario
_d1946-
_916
245 1 0 _aArquitectura y urbanismo en Nueva España
_bSiglo XVI
_cMario Sartor ; presentación de Carlos Chanfón Olmos.
260 _a[México]
_bGrupo Azabache
_c[1992]
300 _a285, [1] p.
_bil. (algunas a color)
_c30 cm.
440 0 _aArte novohispano
_v2
_917
504 _aBibliografía: p. 281-[286]
650 1 4 _aArquitectura española colonial
_xHistoria
_ySiglo XVI
_zMéxico
_918
650 1 4 _aInstituciones católicas
_xEdificios
_zMéxico
_919
653 0 _aArquitectura civil y religiosa en la Nueva España
700 1 _aChanfón Olmos, Carlos
_920
942 _2lcc
_cB
999 _c4
_d4